| 000 | 00594nam a22002177a 4500 | ||
|---|---|---|---|
| 001 | 38810 | ||
| 003 | BD-RjUL | ||
| 005 | 20211209052850.0 | ||
| 008 | 160302b2008 mou||||| |||| 00|10 earadd | ||
| 035 | _a(BD-RjUL)38919 | ||
| 040 |
_aBD-RjUL _bARA _cBD-RjUL |
||
| 041 | _aARA | ||
| 082 |
_222 _aA 892.74 _bHUA 2008 |
||
| 100 |
_aHoussain, Toha _9119714 |
||
| 245 |
_aAl Ayaam / _cby T Houssain _nV-1 |
||
| 250 | _a7 th ed. | ||
| 260 |
_aAl-Kohera: Egypt _bDarul muarif,mishur _c2008. |
||
| 300 |
_a165 p.; _c24cm. |
||
| 650 |
_2Literature- Arabic _vEssays _9119715 |
||
| 942 |
_2ddc _cBK _01 |
||
| 999 |
_c38810 _d38810 |
||